000 00746nam a22002177a 4500
005 20140814115240.0
010 _aB-528972 ENG-110390
020 _a9788188069538
_c275.00
035 _aB-528972
035 _aEN-93922
037 _adpl
_bJanvani Parkashan/Ven
037 _bDBAD/PUB
082 _a920
100 _aGill, Gurudayal Singh
245 _aOur Indian freedom fighters /
_cby Gurudayal Singh Gill
260 _aDelhi
_bSwarjya Mandir Prakashan
_c2012
270 _aBlock C-8, H.No.174, Yamuna Vihaar
_bDelhi
_e110053
300 _a160p. :
_c21cm(Hb)
_bill.
942 _2ddc
_cEN
_h920
_mGIL
999 _c85058
_d85058